[Event "38. Open Ciudad de San Sebastián"]
[Site "San Sebastián ESP"]
[Date "2015.03.29"]
[Round "2.3"]
[White "Farnault, Eric"]
[Black "Andres Gonzalez, Alberto"]
[Result "1-0"]
[WhiteElo "2007"]
[BlackElo "2515"]
[PlyCount "101"]
[EventDate "2015.03.28"]
[EventType "swiss"]
[EventRounds "9"]
[EventCountry "ESP"]
[Source "lmi"]
[SourceDate "2015.03.28"]

1. e4 c5 2. Nf3 Nc6 3. d4 cxd4 4. Nxd4 Qb6 5. Nb3 Nf6 6. Nc3 e6 7. Be3 Qc7 8.
Bd3 Bb4 9. Bd2 O-O 10. O-O d5 11. Re1 a6 12. a3 Bd6 13. h3 h6 14. Qe2 Ne5 15.
Rad1 Bd7 16. Nd4 Rfe8 17. Nf3 Nxd3 18. cxd3 dxe4 19. dxe4 e5 20. Rc1 Rac8 21.
Red1 Qb8 22. Nh4 Bf8 23. Qf3 Rc6 24. Nf5 Be6 25. g4 Rd8 26. g5 hxg5 27. Bxg5
Bxf5 28. Qxf5 Re8 29. Rd3 Qc8 30. Qf3 Nh7 31. Bh4 Bc5 32. Kh2 Bd4 33. Rg1 Rh6
34. Rg4 Qe6 35. Qg2 Kh8 36. Rdg3 g6 37. Rf3 Kg7 38. Nd5 Rh8 39. Bf6+ Nxf6 40.
Rxf6 Qd7 41. Qf3 R8h7 42. b4 Kf8 43. Kg2 Rg7 44. Qb3 Rgh7 45. Qf3 Rg7 46. Qb3
Rh5 47. Qc4 Rgh7 48. Rf3 Rxh3 49. Nf6 Rh2+ 50. Kf1 Qd6 51. Qc8+ 1-0

[Event "38. Open Ciudad de San Sebastián"]
[Site "San Sebastián ESP"]
[Date "2015.03.29"]
[Round "2.4"]
[White "Libiszewski, Fabien"]
[Black "Fernandez Fernandez, Juan Carl"]
[Result "1-0"]
[WhiteElo "2514"]
[BlackElo "2016"]
[PlyCount "77"]
[EventDate "2015.03.28"]
[EventType "swiss"]
[EventRounds "9"]
[EventCountry "ESP"]
[Source "lmi"]
[SourceDate "2015.03.28"]

1. Nf3 Nf6 2. c4 g6 3. g3 c6 4. b3 Bg7 5. Bb2 O-O 6. Bg2 d5 7. O-O Bg4 8. d3
Nbd7 9. Nbd2 Re8 10. h3 Bxf3 11. Nxf3 e5 12. cxd5 cxd5 13. Rc1 Qa5 14. a3 Qb6
15. Qc2 Bh6 16. e3 d4 17. g4 dxe3 18. g5 e4 19. dxe4 Nxe4 20. Bd4 exf2+ 21.
Rxf2 Qd6 22. gxh6 Nxf2 23. Bxf2 Qf4 24. Qd2 Qxd2 25. Nxd2 Rac8 26. Rd1 Nf6 27.
Bh4 Re6 28. Rf1 Rc2 29. Nc4 Ne4 30. Rd1 f5 31. Bxe4 fxe4 32. Rd8+ Kf7 33. Nd6+
Rxd6 34. Rxd6 e3 35. Rd7+ Kf8 36. Rxh7 g5 37. Rxb7 Kg8 38. h7+ Kh8 39. Bxg5 1-0

[Event "38. Open Ciudad de San Sebastián"]
[Site "San Sebastián ESP"]
[Date "2015.03.29"]
[Round "2.5"]
[White "Bayo Milagro, Alvaro"]
[Black "Chabanon, Jean-luc"]
[Result "1-0"]
[WhiteElo "1996"]
[BlackElo "2491"]
[PlyCount "81"]
[EventDate "2015.03.28"]
[EventType "swiss"]
[EventRounds "9"]
[EventCountry "ESP"]
[Source "lmi"]
[SourceDate "2015.03.28"]

1. e4 c5 2. Nf3 d6 3. d4 cxd4 4. Nxd4 Nf6 5. Nc3 Nc6 6. Bg5 e6 7. Qd2 a6 8.
O-O-O Bd7 9. f4 Qb6 10. Nb3 O-O-O 11. Bh4 Be7 12. Bf2 Qc7 13. Bd3 Na5 14. Nxa5
Qxa5 15. Kb1 Bc6 16. h3 Kb8 17. Qe3 Nd7 18. a3 Rhe8 19. Bc4 Qc7 20. Rhe1 b5 21.
Be2 Ka8 22. Bf3 Rb8 23. Na2 Nc5 24. Qc3 Rec8 25. Qxg7 Bf8 26. Qd4 e5 27. fxe5
dxe5 28. Qc3 Na4 29. Qb3 a5 30. Bg4 Rd8 31. Rxd8 Rxd8 32. Kc1 Bc5 33. Bxc5 Nxc5
34. Qc3 Bb7 35. Be2 Qb6 36. Qxe5 Bxe4 37. Nc3 Bxg2 38. Bxb5 Bxh3 39. a4 Be6 40.
Qf6 Qc7 41. Be2 1-0

[Event "38. Open Ciudad de San Sebastián"]
[Site "San Sebastián ESP"]
[Date "2015.03.29"]
[Round "2.6"]
[White "Oratovsky, Michael"]
[Black "Torres Novalbos, David"]
[Result "1-0"]
[WhiteElo "2486"]
[BlackElo "2007"]
[PlyCount "79"]
[EventDate "2015.03.28"]
[EventType "swiss"]
[EventRounds "9"]
[EventCountry "ESP"]
[Source "lmi"]
[SourceDate "2015.03.28"]

1. e4 c6 2. d4 d5 3. Nd2 dxe4 4. Nxe4 Bf5 5. Ng3 Bg6 6. Nh3 e6 7. Nf4 Bd6 8. c3
Nf6 9. h4 Bxf4 10. Bxf4 h6 11. h5 Bh7 12. Qb3 Nd5 13. Bd2 Nd7 14. c4 Ne7 15.
Bc3 Qc7 16. Qa3 c5 17. dxc5 O-O 18. b4 b6 19. Qb2 f6 20. cxb6 Nxb6 21. Rc1 Qb7
22. Qb3 Kh8 23. Bb2 Rac8 24. Be2 e5 25. O-O Bg8 26. f4 e4 27. Rfd1 Rfd8 28.
Rxd8 Rxd8 29. a4 Rc8 30. a5 Nd7 31. Qe3 f5 32. b5 Qc7 33. a6 Be6 34. c5 Nd5 35.
Qd4 N7f6 36. Qe5 Nxf4 37. Qxc7 Nxe2+ 38. Nxe2 Rxc7 39. Bxf6 gxf6 40. b6 1-0

[Event "38. Open Ciudad de San Sebastián"]
[Site "San Sebastián ESP"]
[Date "2015.03.29"]
[Round "2.7"]
[White "Tratar, Marko"]
[Black "Rodriguez Gonzalez, Alex"]
[Result "1-0"]
[WhiteElo "2475"]
[BlackElo "1994"]
[PlyCount "95"]
[EventDate "2015.03.28"]
[EventType "swiss"]
[EventRounds "9"]
[EventCountry "ESP"]
[Source "lmi"]
[SourceDate "2015.03.28"]

1. d4 Nf6 2. c4 c5 3. Nf3 cxd4 4. Nxd4 Nc6 5. g3 e5 6. Nb5 Bb4+ 7. Bd2 Bc5 8.
Be3 Bb4+ 9. N1c3 O-O 10. a3 Bxc3+ 11. Nxc3 b6 12. Bg5 h6 13. Bxf6 Qxf6 14. Bg2
Rb8 15. O-O Bb7 16. Ne4 Qe6 17. Nd6 Na5 18. Nxb7 Nxb7 19. Bd5 Qe7 20. b4 Kh8
21. Qa4 a5 22. Rfd1 axb4 23. axb4 Nd6 24. Qb3 Nf5 25. e3 Qg5 26. Be4 Nh4 27.
Rxd7 Qg4 28. Qd3 f5 29. Bh1 e4 30. Qd1 Qg5 31. Raa7 Rbd8 32. Kf1 Ng6 33. Qd4
Rxd7 34. Rxd7 Qf6 35. Rd6 Qg5 36. h4 Qg4 37. Rd7 Rg8 38. Bg2 Nf8 39. Rd6 Nh7
40. Kg1 Nf6 41. Qxb6 Qe2 42. Rxf6 gxf6 43. Qxf6+ Rg7 44. Qf8+ Kh7 45. Qxf5+ Kg8
46. Bxe4 Qe1+ 47. Kg2 Qxb4 48. Bd5+ 1-0

[Event "38. Open Ciudad de San Sebastián"]
[Site "San Sebastián ESP"]
[Date "2015.03.29"]
[Round "2.8"]
[White "Buiza Prieto, Aizbeltz"]
[Black "Pap, Misa"]
[Result "0-1"]
[WhiteElo "1991"]
[BlackElo "2459"]
[PlyCount "96"]
[EventDate "2015.03.28"]
[EventType "swiss"]
[EventRounds "9"]
[EventCountry "ESP"]
[Source "lmi"]
[SourceDate "2015.03.28"]

1. e4 e5 2. Nf3 Nc6 3. d4 exd4 4. Bc4 Nf6 5. O-O Nxe4 6. Re1 d5 7. Bxd5 Qxd5 8.
Nc3 Qa5 9. Rxe4+ Be6 10. Nxd4 O-O-O 11. Nce2 Nxd4 12. Nxd4 Bf5 13. Re2 Bg4 14.
f3 Rxd4 15. Re8+ Kd7 16. Qxd4+ Kxe8 17. b4 Qxb4 18. Qxb4 Bxb4 19. fxg4 Bc5+ 20.
Kf1 Kd7 21. Bb2 f6 22. Rd1+ Kc6 23. Rd3 Re8 24. Rh3 h6 25. Rd3 b5 26. h4 Re4
27. g5 hxg5 28. hxg5 fxg5 29. Bxg7 Ra4 30. Bf6 g4 31. Ke2 Rxa2 32. Kd2 Ra3 33.
Rxa3 Bxa3 34. Bc3 Kd5 35. Kd3 c5 36. Bd2 c4+ 37. Ke3 Bd6 38. Ba5 b4 39. Bd8
Bc5+ 40. Kd2 Bb6 41. Be7 a5 42. Kc1 Bc5 43. Bd8 a4 44. Kb2 Bd4+ 45. Ka2 b3+ 46.
cxb3 axb3+ 47. Ka3 Ke4 48. g3 Ke5 0-1

[Event "38. Open Ciudad de San Sebastián"]
[Site "San Sebastián ESP"]
[Date "2015.03.29"]
[Round "2.9"]
[White "Espinosa Aranda, Angel"]
[Black "Fernandez Zubitur, Jokin"]
[Result "1-0"]
[WhiteElo "2408"]
[BlackElo "1991"]
[PlyCount "63"]
[EventDate "2015.03.28"]
[EventType "swiss"]
[EventRounds "9"]
[EventCountry "ESP"]
[Source "lmi"]
[SourceDate "2015.03.28"]

1. e4 d6 2. Nc3 e5 3. Bc4 Nf6 4. d3 Be7 5. f4 Bg4 6. Nf3 Nc6 7. h3 Bxf3 8. Qxf3
Nd4 9. Qd1 h5 10. Be3 c6 11. a3 h4 12. O-O Qd7 13. Ne2 Ne6 14. c3 exf4 15. Nxf4
Nxf4 16. Bxf4 d5 17. Bb3 dxe4 18. dxe4 O-O-O 19. Qxd7+ Rxd7 20. Be3 Rf8 21. e5
Nd5 22. Bd4 c5 23. e6 fxe6 24. Bxg7 Rg8 25. Be5 b5 26. Bxd5 exd5 27. Rae1 d4
28. cxd4 cxd4 29. Bxd4 Bxa3 30. Re4 Rxd4 31. Rxd4 Bc5 32. Rc1 1-0

[Event "38. Open Ciudad de San Sebastián"]
[Site "San Sebastián ESP"]
[Date "2015.03.29"]
[Round "2.10"]
[White "Eizaguerri Floris, Maria"]
[Black "Andres Gonzalez, Ivan"]
[Result "0-1"]
[WhiteElo "1972"]
[BlackElo "2360"]
[PlyCount "126"]
[EventDate "2015.03.28"]
[EventType "swiss"]
[EventRounds "9"]
[EventCountry "ESP"]
[Source "lmi"]
[SourceDate "2015.03.28"]

1. d4 Nf6 2. c4 c5 3. d5 b5 4. e3 Bb7 5. Nf3 g6 6. Nc3 bxc4 7. Bxc4 d6 8. O-O
Bg7 9. e4 Nbd7 10. h3 O-O 11. Be3 Nb6 12. Be2 Qc8 13. Nd2 Ba6 14. f4 Ne8 15.
Rb1 Nc7 16. Nb3 Nc4 17. Bd2 Rb8 18. Rf3 Nxd2 19. Nxd2 Bxe2 20. Qxe2 Qa6 21.
Qxa6 Nxa6 22. a3 Rb7 23. Nc4 Bd4+ 24. Kh1 Rfb8 25. Nd1 Rd7 26. Na5 Rb5 27. Nc6
Bg7 28. Nc3 Bxc3 29. Rxc3 Nb8 30. Nxb8 Rxb8 31. b4 Rdb7 32. Rcb3 Rb5 33. Kg1 a5
34. Kf2 axb4 35. axb4 cxb4 36. Ke3 f5 37. exf5 gxf5 38. Kd4 Kf7 39. Kc4 Rc5+
40. Kd4 Rbb5 41. Rxb4 Rxd5+ 42. Ke3 Ra5 43. R1b2 Ra3+ 44. R4b3 Ra1 45. Rb1 Ra2
46. R1b2 Rda5 47. Rxa2 Rxa2 48. Kf3 Ra4 49. g4 h6 50. gxf5 Kf6 51. Rb5 h5 52.
Kg3 Ra3+ 53. Kg2 h4 54. Rb8 Rg3+ 55. Kh2 Rf3 56. Rf8+ Kg7 57. Re8 Kf7 58. Rh8
Rxf4 59. Rh5 Kf6 60. Kg2 d5 61. Rh8 Kxf5 62. Rd8 Ke4 63. Re8 e5 0-1

[Event "38. Open Ciudad de San Sebastián"]
[Site "San Sebastián ESP"]
[Date "2015.03.29"]
[Round "2.11"]
[White "Aranaz Murillo, Amalia"]
[Black "Martinez De Sor Gordon, Jose M"]
[Result "1-0"]
[WhiteElo "2319"]
[BlackElo "1962"]
[PlyCount "115"]
[EventDate "2015.03.28"]
[EventType "swiss"]
[EventRounds "9"]
[EventCountry "ESP"]
[Source "lmi"]
[SourceDate "2015.03.28"]

1. Nf3 f5 2. c4 b6 3. g3 Bb7 4. Bg2 e5 5. O-O e4 6. Ne1 Nf6 7. d3 Qc8 8. Nc3
Bb4 9. Qb3 Na6 10. dxe4 fxe4 11. Nc2 Bxc3 12. Qxc3 O-O 13. b3 Rb8 14. Bb2 Qe8
15. Ne3 Nc5 16. Rad1 d6 17. Ba1 a5 18. a3 a4 19. b4 Ncd7 20. Qc2 Ne5 21. Bxe5
Qxe5 22. Qxa4 Qb2 23. Qc2 Qxa3 24. Qd2 Ra8 25. Rb1 Qa4 26. Nd5 Qd7 27. Nf4 Rfe8
28. e3 Ra3 29. h4 h6 30. Bh3 Qa4 31. Qd4 Bc8 32. Bxc8 Rxc8 33. Nd5 Nxd5 34.
Qxd5+ Kh8 35. Qxe4 Qe8 36. Qb7 Qd8 37. Ra1 Rca8 38. Rxa3 Rxa3 39. Rd1 Qd7 40.
Kg2 Qa4 41. Rd4 Qa8 42. Qxa8+ Rxa8 43. h5 Kg8 44. g4 Kf7 45. f4 Ra4 46. b5 g6
47. hxg6+ Kxg6 48. Kf3 Ra1 49. Ke4 Rg1 50. f5+ Kf6 51. Kd5 Rg3 52. Kc6 h5 53.
gxh5 Rg7 54. h6 Rh7 55. Rf4 Re7 56. e4 Kg5 57. f6 Rf7 58. h7 1-0

[Event "38. Open Ciudad de San Sebastián"]
[Site "San Sebastián ESP"]
[Date "2015.03.29"]
[Round "2.12"]
[White "Cruz Lledo, Pablo"]
[Black "Martinez Fernandez, Adrian"]
[Result "1-0"]
[WhiteElo "2284"]
[BlackElo "1947"]
[PlyCount "69"]
[EventDate "2015.03.28"]
[EventType "swiss"]
[EventRounds "9"]
[EventCountry "ESP"]
[Source "lmi"]
[SourceDate "2015.03.28"]

1. d4 Nf6 2. c4 c5 3. d5 b5 4. f3 bxc4 5. e4 d6 6. Bxc4 g6 7. Ne2 Bg7 8. O-O
O-O 9. Nec3 Nfd7 10. Be3 Ne5 11. Be2 Ba6 12. Na3 Qc8 13. Nab5 f5 14. Qd2 Bxb5
15. Nxb5 a6 16. Nc3 Nbd7 17. f4 Ng4 18. Bxg4 fxg4 19. Rac1 Qb7 20. b3 Qb4 21.
Qd3 Rac8 22. Na4 Nb6 23. Nxb6 Qxb6 24. Rc4 Qb5 25. Bd2 a5 26. Bc3 Bh6 27. Qg3
Qd7 28. f5 Ra8 29. Qxg4 a4 30. Rxa4 Rxa4 31. bxa4 Qxa4 32. f6 Qc4 33. Rf3 exf6
34. Qe6+ Rf7 35. Rxf6 1-0

[Event "38. Open Ciudad de San Sebastián"]
[Site "San Sebastián ESP"]
[Date "2015.03.29"]
[Round "2.13"]
[White "Maqseed, Nasser"]
[Black "Sanchez Saez, Francisco"]
[Result "0-1"]
[WhiteElo "1963"]
[BlackElo "2281"]
[PlyCount "68"]
[EventDate "2015.03.28"]
[EventType "swiss"]
[EventRounds "9"]
[EventCountry "ESP"]
[Source "lmi"]
[SourceDate "2015.03.28"]

1. Nf3 c5 2. g3 g6 3. Bg2 Bg7 4. O-O Nc6 5. d3 e5 6. e4 Nge7 7. Nbd2 O-O 8. a4
d6 9. Nc4 f5 10. Bd2 f4 11. Qc1 Bg4 12. c3 Qd7 13. gxf4 exf4 14. Bxf4 Bxf3 15.
Bxf3 g5 16. Bxd6 Rxf3 17. Qxg5 Ng6 18. Rad1 Qh3 19. Qg2 Qh5 20. Ne3 Nce5 21.
Nf5 Rxf5 22. exf5 Nf4 23. Qxg7+ Kxg7 24. Bxe5+ Kf7 25. Bxf4 Qg4+ 26. Bg3 h5 27.
Rde1 Re8 28. Rxe8 Kxe8 29. Re1+ Kf7 30. Re5 h4 31. Rxc5 h3 32. Rc7+ Ke8 33.
Rc8+ Kd7 34. Rc7+ Kd8 0-1

[Event "38. Open Ciudad de San Sebastián"]
[Site "San Sebastián ESP"]
[Date "2015.03.29"]
[Round "2.14"]
[White "Nava Pereda, Carlos"]
[Black "Shehab, Ibrahim"]
[Result "1-0"]
[WhiteElo "2266"]
[BlackElo "1934"]
[PlyCount "32"]
[EventDate "2015.03.28"]
[EventType "swiss"]
[EventRounds "9"]
[EventCountry "ESP"]
[Source "lmi"]
[SourceDate "2015.03.28"]

1. c4 e5 2. Nc3 Nf6 3. Nf3 Nc6 4. e3 d6 5. d4 exd4 6. exd4 d5 7. Bg5 dxc4 8.
Bxc4 Be7 9. Ne5 Nxe5 10. dxe5 Nd7 11. Bf4 Nb6 12. Bd3 O-O 13. Qc2 h6 14. O-O-O
Qe8 15. Kb1 a6 16. Qe2 Bb4 1-0

[Event "38. Open Ciudad de San Sebastián"]
[Site "San Sebastián ESP"]
[Date "2015.03.29"]
[Round "2.15"]
[White "Llano Olabarrieta, Joseba"]
[Black "Sanchez Botella, Luis Javier"]
[Result "1/2-1/2"]
[WhiteElo "1958"]
[BlackElo "2259"]
[PlyCount "104"]
[EventDate "2015.03.28"]
[EventType "swiss"]
[EventRounds "9"]
[EventCountry "ESP"]
[Source "lmi"]
[SourceDate "2015.03.28"]

1. e4 c5 2. Nf3 d6 3. d4 cxd4 4. Nxd4 Nf6 5. Nc3 a6 6. Bg5 Nbd7 7. f4 g6 8. Qf3
Bg7 9. O-O-O Qc7 10. Kb1 b5 11. e5 Bb7 12. exf6 Bxf3 13. fxg7 Rg8 14. Nxf3 f6
15. Bh6 Nb6 16. Bd3 b4 17. Ne2 Nc4 18. h4 Ne3 19. h5 Kf7 20. hxg6+ hxg6 21. Nh4
Rxg7 22. Bxg7 Nxd1 23. Rxd1 Kxg7 24. Nd4 Qd7 25. Nxg6 e5 26. fxe5 fxe5 27. Nf3
Qg4 28. Re1 Re8 29. Nfh4 e4 30. Be2 Qg5 31. Rd1 d5 32. g3 Kg8 33. Nf4 Qxg3 34.
Nhg2 Rd8 35. Rxd5 Rxd5 36. Bc4 Kf8 37. Bxd5 e3 38. Bc4 a5 39. b3 Qf3 40. Be2
Qf2 41. Kb2 Ke8 42. a3 Qg3 43. axb4 axb4 44. Bb5+ Kf7 45. Bc4+ Ke8 46. Bf1 Qf2
47. Bd3 e2 48. Bxe2 Qd4+ 49. Kb1 Qg1+ 50. Kb2 Qd4+ 51. Kc1 Qa1+ 52. Kd2 Qc3+
1/2-1/2

[Event "38. Open Ciudad de San Sebastián"]
[Site "San Sebastián ESP"]
[Date "2015.03.29"]
[Round "2.16"]
[White "Jimenez Almeida, Luis David"]
[Black "Esnaola Sansebastian, Ion"]
[Result "1-0"]
[WhiteElo "2244"]
[BlackElo "1910"]
[PlyCount "59"]
[EventDate "2015.03.28"]
[EventType "swiss"]
[EventRounds "9"]
[EventCountry "ESP"]
[Source "lmi"]
[SourceDate "2015.03.28"]

1. d4 e6 2. Nf3 Nf6 3. Bg5 Be7 4. Nbd2 d5 5. e3 Nbd7 6. Bd3 h6 7. Bh4 c5 8. c3
O-O 9. O-O b6 10. Qe2 Bb7 11. a4 Ne4 12. Bg3 a6 13. Rfd1 c4 14. Bxe4 dxe4 15.
Ne5 Nxe5 16. Bxe5 b5 17. axb5 axb5 18. b3 cxb3 19. Qxb5 Qd5 20. Qb6 Rfc8 21. c4
Rxa1 22. Rxa1 Qc6 23. Qxb3 Ba6 24. c5 Bd3 25. Ra7 Ra8 26. h3 Rxa7 27. Qb8+ Bf8
28. Qxa7 f6 29. Bg3 Qb5 30. Qb6 1-0

[Event "38. Open Ciudad de San Sebastián"]
[Site "San Sebastián ESP"]
[Date "2015.03.29"]
[Round "2.17"]
[White "Prieto Aranguren, Alain"]
[Black "Ouadi, Wahbi"]
[Result "1/2-1/2"]
[WhiteElo "2216"]
[BlackElo "1896"]
[PlyCount "68"]
[EventDate "2015.03.28"]
[EventType "swiss"]
[EventRounds "9"]
[EventCountry "ESP"]
[Source "lmi"]
[SourceDate "2015.03.28"]

1. d4 Nf6 2. c4 e6 3. Nc3 c5 4. d5 exd5 5. cxd5 d6 6. e4 g6 7. f4 Bg7 8. Bb5+
Nfd7 9. a4 O-O 10. Nf3 Re8 11. O-O a6 12. Bd3 Qc7 13. Nd2 c4 14. Nxc4 Nc5 15.
Be3 Nbd7 16. Rc1 Nxd3 17. Qxd3 Nc5 18. Qc2 Nxe4 19. Nxe4 Bf5 20. Qd2 Rxe4 21.
Nb6 Qe7 22. Nxa8 Rxe3 23. Rfe1 Rxe1+ 24. Qxe1 Qd8 25. Rc7 Qxa8 26. Qe7 Qf8 27.
Qe3 Bxb2 28. Rxb7 Bf6 29. Qa7 Qe8 30. Rb8 Bc8 31. h3 Kg7 32. Kh2 Qxa4 33. Rxc8
Qxf4+ 34. Kh1 Bd4 1/2-1/2

[Event "38. Open Ciudad de San Sebastián"]
[Site "San Sebastián ESP"]
[Date "2015.03.29"]
[Round "2.18"]
[White "Alkhaldi, Bader"]
[Black "Iagar, Razvan-gabriel"]
[Result "0-1"]
[WhiteElo "1942"]
[BlackElo "2189"]
[PlyCount "120"]
[EventDate "2015.03.28"]
[EventType "swiss"]
[EventRounds "9"]
[EventCountry "ESP"]
[Source "lmi"]
[SourceDate "2015.03.28"]

1. d4 d5 2. c4 c6 3. Nf3 Nf6 4. e3 e6 5. b3 Nbd7 6. Bb2 Bd6 7. Bd3 O-O 8. Nbd2
Qe7 9. Ne5 Ba3 10. Bxa3 Qxa3 11. f4 c5 12. O-O cxd4 13. exd4 dxc4 14. Ndxc4 Qe7
15. Kh1 Rd8 16. Qc2 Nf8 17. Qb2 Qe8 18. Qa3 Rxd4 19. Rad1 Qd8 20. Be2 Ne4 21.
Rxd4 Qxd4 22. Qe7 Bd7 23. Qxf7+ Kh8 24. g3 Bc6 25. Nxc6 bxc6 26. Qb7 Rd8 27.
Qxc6 Nc3 28. Bf3 Nxa2 29. Ne5 Kg8 30. Qa6 Nb4 31. Qc4 Qxc4 32. bxc4 Rc8 33. Rb1
a5 34. Kg2 Rc5 35. Rd1 Rc8 36. Kf2 g5 37. Be4 Kg7 38. Kf3 Kf6 39. Bxh7 Nxh7 40.
Rd7 gxf4 41. gxf4 Ng5+ 42. Kg4 Rg8 43. Ra7 Nf7+ 44. Kf3 Nxe5+ 45. fxe5+ Kxe5
46. Rxa5+ Kd4 47. h4 e5 48. h5 e4+ 49. Kf4 e3 50. h6 e2 51. Ra1 Nd3+ 52. Kf5
Kxc4 53. h7 Rb8 54. Kg6 Ne5+ 55. Kg7 Rb7+ 56. Kg8 Ng6 57. Rg1 Rb8+ 58. Kg7 Nh8
59. Rg4+ Kd3 60. Rg3+ Kd2 0-1

[Event "38. Open Ciudad de San Sebastián"]
[Site "San Sebastián ESP"]
[Date "2015.03.29"]
[Round "2.19"]
[White "Urriza Iricibar, Pablo"]
[Black "Martin Iribar, Ander"]
[Result "1-0"]
[WhiteElo "2180"]
[BlackElo "1886"]
[PlyCount "85"]
[EventDate "2015.03.28"]
[EventType "swiss"]
[EventRounds "9"]
[EventCountry "ESP"]
[Source "lmi"]
[SourceDate "2015.03.28"]

1. e4 c5 2. Nf3 d6 3. d4 cxd4 4. Nxd4 Nf6 5. Nc3 g6 6. Be3 Bg7 7. f3 O-O 8. Qd2
Nc6 9. O-O-O Nxd4 10. Bxd4 Be6 11. Kb1 Qc7 12. h4 Rfc8 13. h5 Qa5 14. hxg6 fxg6
15. a3 Rab8 16. Bd3 Bf7 17. Bxf6 exf6 18. Nb5 Qb6 19. Be2 a6 20. Nxd6 Rd8 21.
Qd4 Qxd4 22. Rxd4 Be6 23. f4 Bf8 24. Rhd1 Be7 25. a4 Kf8 26. c4 Rd7 27. f5 Bg8
28. b4 Rbd8 29. c5 Bb3 30. R1d3 Bxa4 31. fxg6 hxg6 32. Ra3 Bc6 33. Bg4 Rc7 34.
Be6 Kg7 35. Rg3 Rh8 36. Nf5+ Kf8 37. Rxg6 Be8 38. Nxe7 Rxe7 39. Rxf6+ Kg7 40.
e5 Rh1+ 41. Kb2 Rh2 42. Rg4+ Kh7 43. Bf5+ 1-0

[Event "38. Open Ciudad de San Sebastián"]
[Site "San Sebastián ESP"]
[Date "2015.03.29"]
[Round "2.21"]
[White "Pastor Pons, Pedro Maria"]
[Black "Carrascal Rosal, Alberto"]
[Result "1-0"]
[WhiteElo "2147"]
[BlackElo "1884"]
[PlyCount "91"]
[EventDate "2015.03.28"]
[EventType "swiss"]
[EventRounds "9"]
[EventCountry "ESP"]
[Source "lmi"]
[SourceDate "2015.03.28"]

1. e4 c5 2. Nc3 Nc6 3. Bb5 Nd4 4. Bc4 e6 5. Nge2 Ne7 6. a4 Nec6 7. d3 Be7 8.
O-O O-O 9. f4 d6 10. Be3 Qb6 11. Qc1 a6 12. Rf2 Bf6 13. Ng3 Bh4 14. Nce2 Bd7
15. Nxd4 cxd4 16. Bd2 Ne7 17. a5 Qc5 18. b4 Qc7 19. Bb3 d5 20. Qb2 dxe4 21.
dxe4 Bc6 22. Qxd4 Bf6 23. e5 Bh4 24. Re2 Bxg3 25. hxg3 Nf5 26. Qf2 h5 27. Be3
Rfe8 28. Bb6 Qc8 29. Rd2 Ne7 30. Rad1 Nd5 31. Qc5 Nxb6 32. Qxb6 Be4 33. c4 Qc6
34. Qe3 Bf5 35. Rd7 Qe4 36. Kf2 Rac8 37. R7d4 Qc6 38. R1d2 Qc7 39. Rd7 Qc6 40.
Qf3 g6 41. Ke3 Kf8 42. Qxc6 bxc6 43. c5 Rb8 44. R2d4 Rb5 45. Ba4 Reb8 46. Bxb5
1-0

[Event "38. Open Ciudad de San Sebastián"]
[Site "San Sebastián ESP"]
[Date "2015.03.29"]
[Round "2.22"]
[White "Izagirre Alsua, Aritz"]
[Black "Torres Ganuza, Fco. Javier"]
[Result "0-1"]
[WhiteElo "1908"]
[BlackElo "2147"]
[PlyCount "50"]
[EventDate "2015.03.28"]
[EventType "swiss"]
[EventRounds "9"]
[EventCountry "ESP"]
[Source "lmi"]
[SourceDate "2015.03.28"]

1. e4 c5 2. Nc3 e6 3. Bc4 d6 4. f4 Nf6 5. Nf3 a6 6. Be2 Be7 7. O-O Nc6 8. d3
O-O 9. h3 b5 10. g4 d5 11. e5 Nd7 12. Qe1 f6 13. exf6 Nxf6 14. g5 Ne8 15. Nh2
e5 16. Bf3 Nc7 17. Bg2 Nd4 18. Qxe5 Rf5 19. Qe1 Nxc2 20. Qd1 Nxa1 21. Bd2 Rf8
22. Qxa1 Bf5 23. Re1 b4 24. Nxd5 Nxd5 25. Rxe7 Nxe7 0-1

[Event "38. Open Ciudad de San Sebastián"]
[Site "San Sebastián ESP"]
[Date "2015.03.29"]
[Round "2.23"]
[White "Aranaz Portugues, Jose Carlos"]
[Black "Darrigues, Alain"]
[Result "1-0"]
[WhiteElo "2121"]
[BlackElo "1863"]
[PlyCount "121"]
[EventDate "2015.03.28"]
[EventType "swiss"]
[EventRounds "9"]
[EventCountry "ESP"]
[Source "lmi"]
[SourceDate "2015.03.28"]

1. d4 Nf6 2. Bg5 g6 3. Bxf6 exf6 4. e3 Bg7 5. Ne2 O-O 6. g3 d6 7. Bg2 Nd7 8.
O-O f5 9. c3 Re8 10. Nf4 c6 11. h4 Nf6 12. Nd2 Bd7 13. b4 Bh6 14. Nc4 Qe7 15.
Re1 Rad8 16. a4 Bxf4 17. exf4 Qxe1+ 18. Qxe1 Rxe1+ 19. Rxe1 Be6 20. Ne3 Bb3 21.
a5 d5 22. f3 Re8 23. Kf2 Ba4 24. g4 fxg4 25. fxg4 Kf8 26. Bf3 Bb5 27. g5 Ne4+
28. Bxe4 Rxe4 29. Kf3 Ke7 30. c4 Bxc4 31. h5 Kf8 32. h6 Rxd4 33. Ng4 Bd3 34.
Nf6 Be4+ 35. Ke3 Rxb4 36. Nxh7+ Kg8 37. Nf6+ Kh8 38. Rc1 Bf5 39. a6 d4+ 40. Kd2
Rb2+ 41. Kd1 bxa6 42. Rxc6 Rb6 43. Rc7 Rxf6 44. gxf6 Be6 45. Rxa7 Bc4 46. Rd7
Kh7 47. Rxd4 Bb3+ 48. Kd2 Kxh6 49. Rd3 Be6 50. Ra3 g5 51. Ke3 gxf4+ 52. Kxf4
Kg6 53. Ke5 Kg5 54. Rxa6 Bc4 55. Rc6 Bb3 56. Rc3 Be6 57. Rg3+ Bg4 58. Rg1 Kh4
59. Kf4 Be6 60. Rh1+ Bh3 61. Rh2 1-0

[Event "38. Open Ciudad de San Sebastián"]
[Site "San Sebastián ESP"]
[Date "2015.03.29"]
[Round "2.24"]
[White "Berdote Alonso, Carlos"]
[Black "Al-hajiri, Bader"]
[Result "0-1"]
[WhiteElo "1866"]
[BlackElo "2115"]
[PlyCount "76"]
[EventDate "2015.03.28"]
[EventType "swiss"]
[EventRounds "9"]
[EventCountry "ESP"]
[Source "lmi"]
[SourceDate "2015.03.28"]

1. d4 d5 2. c4 c6 3. Nf3 Nf6 4. Nc3 dxc4 5. e3 b5 6. a4 Nd5 7. Bd2 e6 8. axb5
Nxc3 9. Bxc3 cxb5 10. Ba5 Qd5 11. Qc2 Bb7 12. Be2 Nc6 13. Bd2 Be7 14. O-O O-O
15. Rfd1 a6 16. Bc3 Nb4 17. Qd2 Qd6 18. Ne5 Nd5 19. Ba5 Bd8 20. e4 Bxa5 21.
Rxa5 Ne7 22. Ra3 Bxe4 23. Qf4 Bc2 24. Rd2 Nd5 25. Qh4 Bb3 26. Bf3 c3 27. Re2
Bd1 28. Be4 f5 29. Re1 fxe4 30. Rxd1 c2 31. Rc1 Nf4 32. Re3 Qxd4 33. Nc6 Qd1+
34. Re1 Ne2+ 35. Kh1 Nxc1 36. Ne7+ Kf7 37. Qxe4 Qxe1+ 38. Qxe1 Rad8 0-1

[Event "38. Open Ciudad de San Sebastián"]
[Site "San Sebastián ESP"]
[Date "2015.03.29"]
[Round "2.25"]
[White "Cao Armillas, Jesus"]
[Black "Perez Cameselle, Francisco"]
[Result "1-0"]
[WhiteElo "2113"]
[BlackElo "1862"]
[PlyCount "75"]
[EventDate "2015.03.28"]
[EventType "swiss"]
[EventRounds "9"]
[EventCountry "ESP"]
[Source "lmi"]
[SourceDate "2015.03.28"]

1. d4 e6 2. Nf3 Nf6 3. c4 Bb4+ 4. Nc3 O-O 5. e3 b6 6. Bd3 Bb7 7. O-O Bxc3 8.
bxc3 Ne4 9. Qc2 f5 10. Ne1 d6 11. f3 Nf6 12. a4 Nbd7 13. a5 Qe7 14. Ba3 g6 15.
Qb3 Kh8 16. Nc2 Rae8 17. axb6 axb6 18. Bb4 Ra8 19. Qb2 e5 20. c5 bxc5 21. dxc5
Bc6 22. cxd6 cxd6 23. Be2 Rfb8 24. Rxa8 Rxa8 25. Rd1 Nc5 26. c4 Nfd7 27. Na3
Ba4 28. Rd2 Rb8 29. Qc3 Rb6 30. Nb5 Kg8 31. Qa3 Kf7 32. Rd5 Bxb5 33. cxb5 Rb7
34. Qa2 Kg7 35. Qd2 Rb6 36. Qc3 Nf6 37. Rxc5 dxc5 38. Bxc5 1-0